LIBRARY & INFORMATION CENTRE, KCAET, TAVANUR

ONLINE PUBLIC ACCESS CATALOGUE (OPAC)

Fundamentals of reference service / (Record no. 5750)

MARC details
000 -LEADER
fixed length control field 00513cam a2200193ua 4500
041 ## - LANGUAGE CODE
Language code of text/sound track or separate title eng
082 ## - DEWEY DECIMAL CLASSIFICATION NUMBER
Classification number 025.52
Item number BHU/FU
100 ## - MAIN ENTRY--AUTHOR NAME
Personal name Bhubaneswar, Chakrabarti .
245 ## - TITLE STATEMENT
Title Fundamentals of reference service /
250 ## - EDITION STATEMENT
Edition statement 1 /
260 ## - PUBLICATION, DISTRIBUTION, ETC. (IMPRINT)
Place of publication Culcutta :
Name of publisher World press pvt ltd ,
Year of publication 1985.
300 ## - PHYSICAL DESCRIPTION
Number of Pages 247 ; .
700 1# - ADDED ENTRY--PERSONAL NAME
Personal name Benoyendra, Sen Gupta .
942 ## - ADDED ENTRY ELEMENTS (KOHA)
Koha item type Books
Holdings
Withdrawn status Lost status Damaged status Home library Current library Date acquired Full call number Accession Number Koha item type
      KAUAET KAUAET 09/03/1987 025.52 16018 Reference
free website counter